| 000 | 00451nam a22001697a 4500 | ||
|---|---|---|---|
| 999 |
_c6894 _d6894 |
||
| 003 | GBCCL | ||
| 005 | 20241126110614.0 | ||
| 008 | 180702b ||||| |||| 00| 0 eng d | ||
| 040 | _cgbc | ||
| 082 |
_a225.52081 _bBIB |
||
| 245 |
_aThe Holy Bible: _bThe New Testament |
||
| 250 | _aNIV | ||
| 260 |
_aMinneapolis: _bWorld Wide Publications, _c1978 |
||
| 300 |
_axi, 307 p.; _c20 cm. |
||
| 650 |
_aBible _vNew Testament _xEnglish _912305 |
||
| 942 |
_2ddc _cREF |
||